000 004010000a22001690004500
003 MACL
005 20151229164855.0
008 151229b xxu||||| |||| 00| 0 eng d
040 _aMACL
_cMACL
041 _aEnglish
082 _a198/FLI
100 _aFlint, Robert
_924306
245 _aVico
260 _bWilliam Blackwood & Sons
_c1884
650 _aPhilosophy
_924307
942 _cBK
_k198/FLI
_2ddc
999 _c38340
_d38340